Представление документа в формате RUSMARC

ПолеНазваниеЗначение
  Тип записи a
  Библиографический уровень m
001 Контрольный номер RU\NLR\BIBL_A\011906224
005 Дата корректировки 20230707133310.7
010 Индекс ISBN __
a ISBN 978-5-04-093196-5
d Цена 257-95
021 № государственной регистрации __
a Код страны RU
b № документа 2018-93435
035 Другие системные номера __
a Идентификатор записи (RuMoRGB)009832165
100 Данные общей обработки __
a Данные общей обработки 20190110d2019 u y0rusa0189 ca
101 Язык документа 1_
a Язык текста rus
c Язык оригинала eng
102 Страна публикации __
a Страна публикации RU
105 Кодированные данные (монография) __
a Кодированные данные (монография) y zzzz0|000ay
200 Заглавие и сведения об ответственности 1_
a Заглавие Прекрасные разбитые сердца
f Первые сведения об ответственности Ками Гарсия
g Последующие сведения об ответственности [пер. с англ. О. Медведь]
210 Выходные данные 1_
a Место издания Москва
c Издательство Эксмо
c Издательство Freedom
d Дата издания 2019
215 Физическое описание __
a Объем 445, [1] с.
225 Серия (Журнальная рубрика) 1_
a Серия (Журнальная рубрика) Young Adult
i Наименование части Бестселлеры романтической прозы
333 Примечание о целевом назначении __
a Примечание о целевом назначении 18+
606 Тематические рубрики __
a Основная рубрика Художественная литература
606 Тематические рубрики __
a Основная рубрика Литература Америки (произведения)
610 Ключевые слова 0_
a Ключевые слова американская литература
a Ключевые слова романы
686 Индексы других классификаций __
a Индекс ББК 84(7Сое)6-4
700 Автор _1
a Фамилия Гарсия
b Имя К.
g Полное личное имя Ками
801 Источник записи _0
a Страна RU
b Организация NLR
c Дата составления 20190110
g Правила каталогизации RCR
801 Источник записи _1
a Страна RU
b Организация NLR
c Дата составления 20190110
2 Код формата rusmarc
801 Источник записи _2
a Страна RU
b Организация NLR
c Дата составления 20190118
2 Код формата rusmarc
801 Источник записи _1
a Страна RU
b Организация Центральная районная библиотека им. Г. А. Пирожникова
852 Данные о местонахождении __
j Шифр хранения 84(7Сое)6
i Авторский знак Г 212
901 Тип документа __
t Тип документа m
902 Роль лиц __
b Редактор БЗ ОКиО/Шумских